Tottenham Hotspur goalscorers all competitions 2005/06 Quiz Stats

Quiz not verified by Sporcle

Challenge
Share
Tweet
Embed
Score 0/10 Timer 10:00
0 Plays Today
Goals Player % Correct
16Robbie Keane
96%
9Jermain Defoe
96%
3Ledley King
84%
2Aaron Lennon
84%
11Ahmed Hossam Hussein Abdelhamid (Mido)
72%
7Jermaine Jenas
72%
2Michael Carrick
64%
1Edgar Davids
64%
1Teemu Tainio
56%
2Paul Stalteri
44%

You're not logged in!

Compare scores with friends on all Sporcle quizzes.
Sign Up with Email
OR
Log In

You Might Also Like...

Show Comments

Extras

Top Quizzes Today


Score Distribution

Your Account Isn't Verified!

In order to create a playlist on Sporcle, you need to verify the email address you used during registration. Go to your Sporcle Settings to finish the process.

Report this User

Report this user for behavior that violates our Community Guidelines.

Details: